|
|
|
|
| LEADER |
00000nab a2200000 a 4500 |
| 001 |
vtls000658805 |
| 003 |
SK-MaSNL |
| 005 |
20260304092310.0 |
| 008 |
250425c1998 xo 0 slo |
| 015 |
|
|
|a SNBRB1998/04-08927
|
| 035 |
|
|
|a CLN000010997
|
| 035 |
|
|
|a urn:nbn:sk:snk-abaip5
|
| 035 |
|
|
|a (urnnbn)urn:nbn:sk:snk:ar-008gdl
|
| 035 |
|
|
|a (uuid)0fe5fa32-5a08-4235-adae-d5642a515432
|
| 040 |
|
|
|a SNKBUCL
|b slo
|c SNKBUCL
|e AACR2
|
| 041 |
0 |
|
|a cze
|
| 044 |
|
|
|a xo
|c SK
|
| 080 |
|
|
|a 616.89:061.22(100):061.3
|2 1997
|
| 100 |
1 |
|
|a Stibral, Karel,
|d 1971-
|4 aut
|9 200592
|
| 245 |
1 |
0 |
|a Zpráva o VI. sjezdu WAIM
|b (Finsko, Tampere, 25.-28. července 1996)
|c Karel Stibral
|
| 610 |
|
7 |
|a WAIM
|b Zjazd
|d 1996
|2 snkbucl
|9 1385897
|
| 650 |
0 |
7 |
|a psychiatria
|x kongresy
|x 1996
|2 snkbucl
|9 1385898
|
| 655 |
|
7 |
|a články z novín a časopisov
|2 snkbucl
|9 267496
|
| 773 |
0 |
|
|t Česká a slovenská psychiatrie
|g Roč. 94, č. 2 (1998), s. 101-104
|x 1212-0383
|
| 850 |
|
|
|a Slovenská národná knižnica
|
| 852 |
|
|
|a Slovenská národná knižnica
|
| 954 |
|
|
|a odborná, vedecká literatúra cudzojazyčná (svetová)
|2 lita
|
| 958 |
|
|
|a article14
|
| 958 |
|
|
|a OND
|
| 958 |
|
|
|a EUIPO
|
| 999 |
|
|
|c 2818618
|d 2820548
|